Score 0/20 Timer 02:30
0 Plays Today
Clue 4-Letter Word % Correct
Fail to winLOSE
96.2%
Green citrus fruitLIME
95.8%
• Every saint has a ____ and every sinner has a future. •• PAST •
93.7%
Electrical or barbed, e.g.WIRE
93.3%
Meat from a pigPORK
93.3%
JJ Abrams TV seriesLOST
92.9%
Sugary root vegetableBEET
92.8%
Had clothes onWORE
92%
• This suspense is terrible. I hope it will ____. •• LAST •
91.6%
• Hard ____ is simply the refuge of people who have nothing whatever to do. •• WORK •
90.8%
Clue 4-Letter Word % Correct
• ____ is a waste of money. •• TIME •
90.5%
• To ____ oneself is the beginning of a life-long romance. •• LOVE •
90.3%
Small skin openingPORE
90.1%
To exhaustTIRE
89.6%
• I have the simplest tastes. I am always satisfied with the ____. •• BEST •
88.1%
Soldier's stationPOST
88.1%
'Lightning Crashes' bandLIVE
84.9%
Actress Amanda of The Whole Nine YardsPEET
79%
• A ____ can survive everything but a misprint. •• POET •
74.9%
• The truth is rarely ____ and never simple. •• PURE •
70.8%

Today's Daily Dose

Remove Ads.
Support Sporcle.
Get the best of Sporcle when you Go Orange. This ad-free experience offers more features, more stats, and more fun while also helping to support Sporcle. Thank you for becoming a member.

You're not logged in!

Compare scores with friends on all Sporcle quizzes.
OR
Log In

Show Comments

Extras

Top Quizzes Today


Score Distribution

Your Account Isn't Verified!

In order to create a playlist on Sporcle, you need to verify the email address you used during registration. Go to your Sporcle Settings to finish the process.

Report this User

Report this user for behavior that violates our Community Guidelines.

Details: